"Bruno" z Parasola

Titel: "Bruno" z Parasola : Bronek z rodziny Hellwigów i przyjaciele / Hanna Hellwig-Stańczuk
Verfasser:
Ausgabe: Wyd. 2. poszerz.
Veröffentlicht: Bełchatów ˜[u.a.]œ : Regionalne Stowarzyszenie Społeczno-Kulturalne ˜[u.a.]œ, 2014
Umfang: 172 S. : Ill. ; 22 cm
Format: Buch
Sprache: Polnisch
ISBN: 8363396680 ; 9788363396688
Buchumschlag
X
Lokale Klassifikation: 32 14 E
alg: 35920856
001A    $03004:21-05-15 
001B    $01999:09-06-23 $t22:30:09.000 
001C    $03004:21-09-15 $t09:36:25.000 
001D    $03004:21-09-15 
001U    $0utf8 
001X    $00 
002@    $0Aau 
003@    $0359208568 
004A    $083-63396-68-0 
004A    $A978-83-63396-68-8 
006L    $0BV042472617 $2BVB 
007A    $0BV042472617 $aBVB 
007G    $0DE0205E7D30A53B94AE01C1257F8500499C3C 
009P    $qapplication/pdf $A2 $3Inhaltsverzeichnis $uhttp://scans.hebis.de/HEBCGI/show.pl?35920856_toc.pdf $mV:DE-603;B:DE-Mb50 
010@    $apol 
011@    $a2014 $n2014 
021A    $a"Bruno" z Parasola $dBronek z rodziny Hellwigów i przyjaciele $hHanna Hellwig-Stańczuk 
028A    $#Stańczuk, Hanna Hellwig- $71072440024 $8Hellwig-Stańczuk, Hanna$Z1945- [Tp3] $9360262686 
032@    $aWyd. 2. poszerz. 
033A    $pBełchatów {[u.a.] $nRegionalne Stowarzyszenie Społeczno-Kulturalne {[u.a.] 
034D    $a172 S. 
034I    $a22 cm 
034M    $aIll. 
045F    $a355.009438 $eDDC23BSB 
045F/01 $a355.009 
045F/03 $g438 
046M    $aLiteraturverz. S. 167 - 168 

lok: 35920856 24
101B    $017-03-16 $t09:09:35.000 
101C    $017-03-16 
101U    $0utf8 
145Z/01 $a32 14 E 

exp: 35920856 24 1 #EPN
201B/01 $017-03-16 $t09:09:35.000 
201C/01 $021-05-15 
201U/01 $0utf8 
203@/01 $0754597776 
208@/01 $a21-09-15 $bz 
209A/01 $a15.07415 $du $f050 $h15 07415 $x00 
209C/01 $a15.07415 K $h15 07415 K 
209G/01 $a73701759 $x00 
220C/01 $awal 
244Z/01 $#Hellwig, Bronisław Henryk $#Bruno $71091567042 $8--Tp1--Hellwig, Bronisław$Z1920-1945 $x01 $9376421282 
247C/01 $8358050-7 Marburg, Bibliothek des Herder-Instituts Marburg $9102600961
LEADER 00000cam a2200000 c 4500
001 359208568
003 DE-603
005 20230609223009.0
007 tu
008 150521s2014 xx |||| | u00||u|pol c
020 |a 8363396680 
020 |a 9788363396688 
035 |a (DE-599)BVBBV042472617 
035 |a (DE-604)BV042472617 
040 |a DE-603  |b ger  |c DE-603  |d DE-603 
041 |a pol 
082 0 4 |8 1\u  |a 355.009438  |q DE-101  |2 23/BSB 
085 |8 1\u  |b 355.009 
085 |8 1\u  |z 2  |s 438 
100 1 |a Hellwig-Stańczuk, Hanna  |d 1945-  |0 (DE-603)360262686  |0 (DE-588)1072440024  |2 gnd 
245 0 0 |a "Bruno" z Parasola  |b Bronek z rodziny Hellwigów i przyjaciele  |c Hanna Hellwig-Stańczuk 
250 |a Wyd. 2. poszerz. 
264 1 |a Bełchatów ˜[u.a.]œ  |b Regionalne Stowarzyszenie Społeczno-Kulturalne ˜[u.a.]œ  |c 2014 
300 |a 172 S.  |b Ill.  |c 22 cm 
504 |a Literaturverz. S. 167 - 168 
856 4 2 |m V:DE-603;B:DE-Mb50  |q application/pdf  |u http://scans.hebis.de/HEBCGI/show.pl?35920856_toc.pdf  |3 Inhaltsverzeichnis 
924 0 |9 Mb 50  |a (DE-603)754597776  |b DE-Mb50  |c HES  |d c  |g 15.07415